[Event "BL 9394 Koblenz-Porz"]
[Site "?"]
[Date "1994.??.??"]
[Round "?.5"]
[White "Vaganian, R."]
[Black "Zimmer, R."]
[Result "1-0"]
[WhiteElo "2625"]
[BlackElo "2245"]
[PlyCount "57"]
[EventDate "1994.??.??"]

1. Nf3 c5 2. c4 Nc6 3. Nc3 g6 4. e3 Bg7 5. d4 d6 6. Be2 Nf6 7. d5 Na5 8. e4 O-O
9. O-O Nd7 10. Qc2 b6 11. b3 a6 12. Bb2 Rb8 13. Rad1 Qc7 14. Nh4 Bf6 15. g3 Ne5
16. Ng2 Bh3 17. a4 h5 18. f3 Kg7 19. Rf2 Bxg2 20. Kxg2 g5 21. f4 gxf4 22. gxf4
Ng6 23. Kh1 Rh8 24. Rg1 Kf8 25. e5 Bh4 26. Rff1 dxe5 27. fxe5 Nxe5 28. Qf5 Nxb3
29. Nb5 1-0

[Event "BL 9394 Koblenz-Porz"]
[Site "?"]
[Date "1994.??.??"]
[Round "?.6"]
[White "Schlick, V."]
[Black "Vogt, L."]
[Result "1-0"]
[WhiteElo "2315"]
[BlackElo "2495"]
[PlyCount "77"]
[EventDate "1994.??.??"]

1. e4 c5 2. Nf3 e6 3. d4 cxd4 4. Nxd4 Nf6 5. Bd3 d6 6. O-O g6 7. c4 Bg7 8. Nc3
O-O 9. b3 a6 10. Bb2 b6 11. Rc1 Bb7 12. Bb1 Nbd7 13. Qe2 Qc7 14. f4 Qc5 15. Kh1
b5 16. Nf3 b4 17. Na4 Qc6 18. Nd4 Qc7 19. Nf3 Bh6 20. Ng5 e5 21. Nh3 Nh5 22. c5
dxc5 23. fxe5 Bxc1 24. Rxc1 Rae8 25. Nf2 Nxe5 26. Nxc5 Bc6 27. Qd2 Qe7 28. Nxa6
Rd8 29. Qxb4 Qh4 30. Nh3 Nd3 31. Bxd3 Rxd3 32. Nc5 Rxh3 33. gxh3 f6 34. Qc4+
Kh8 35. Qe6 Ba8 36. Rf1 Kg7 37. Qg4 Qxg4 38. hxg4 Rc8 39. Bd4 1-0

[Event "BL 9394 Koblenz-Porz"]
[Site "?"]
[Date "1994.??.??"]
[Round "?.7"]
[White "Mainka, R."]
[Black "Polster, W."]
[Result "1-0"]
[WhiteElo "2480"]
[BlackElo "2335"]
[PlyCount "115"]
[EventDate "1994.??.??"]

1. e4 c5 2. Nf3 d6 3. d4 cxd4 4. Nxd4 Nf6 5. Nc3 g6 6. Be2 Nc6 7. Nb3 Be6 8.
O-O Bg7 9. Re1 O-O 10. Bf1 a5 11. Bb5 Qc7 12. a4 Nb4 13. Bg5 d5 14. exd5 Rad8
15. d6 Rxd6 16. Qc1 Bxb3 17. cxb3 Nd3 18. Bxd3 Rxd3 19. Bf4 Qd7 20. Qc2 Rd8 21.
h3 Nh5 22. Bg5 Bf6 23. Be3 Qc6 24. Rac1 Ng7 25. Rcd1 Rxd1 26. Rxd1 Rxd1+ 27.
Qxd1 Nf5 28. Qd8+ Kg7 29. Bd2 e6 30. Qd3 h5 31. Ne4 Bxb2 32. Qb1 Be5 33. Bxa5
Nh4 34. Qe1 f5 35. Bc3 Bxc3 36. Qxc3+ Qxc3 37. Nxc3 Kf6 38. a5 Ke5 39. b4 Kd4
40. b5 Kc5 41. f4 g5 42. fxg5 Ng6 43. Kf2 e5 44. g3 Ne7 45. Kf3 Ng6 46. h4 f4
47. Kg2 Ne7 48. gxf4 exf4 49. Kh3 Ng6 50. a6 bxa6 51. bxa6 Kb6 52. Nd5+ Kxa6
53. Nf6 f3 54. Nxh5 Kb5 55. Ng3 Kc4 56. h5 Ne5 57. g6 Nd7 58. g7 1-0

[Event "BL 9394 Koblenz-Porz"]
[Site "?"]
[Date "1994.??.??"]
[Round "?.8"]
[White "Hammes, M."]
[Black "Brunner, L."]
[Result "0-1"]
[WhiteElo "2220"]
[BlackElo "2480"]
[PlyCount "84"]
[EventDate "1994.??.??"]

1. d4 d5 2. c4 dxc4 3. Nf3 Nf6 4. e3 e6 5. Bxc4 c5 6. O-O a6 7. dxc5 Bxc5 8.
Qxd8+ Kxd8 9. Rd1+ Nbd7 10. b3 Ke7 11. Bb2 b6 12. Nbd2 Bb7 13. Rac1 Rhc8 14.
Be2 b5 15. Nd4 g6 16. Bf3 Bxf3 17. N4xf3 Bb4 18. Kf1 Nd5 19. Nb1 Bd6 20. Nc3
Nxc3 21. Rxc3 Rxc3 22. Bxc3 Ba3 23. Ne5 Nxe5 24. Bxe5 Rc8 25. Ke2 f6 26. Bd4 e5
27. Bb6 Bb4 28. Kd3 Rc6 29. Ba7 Rc7 30. Bb6 Rb7 31. a3 Rd7+ 32. Kc2 Rxd1 33.
Kxd1 Bxa3 34. Kc2 Kd6 35. Kc3 Bc5 36. Ba5 Kd5 37. Kd3 e4+ 38. Kc3 Bd6 39. Bb6
Bxh2 40. Kb4 Kc6 41. Bd4 f5 42. Ka5 Bg1 0-1

[Event "BL 9394 Castrop Rauxel-Bochum"]
[Site "?"]
[Date "1994.??.??"]
[Round "?.1"]
[White "Dokhoian, Y."]
[Black "Watson, W."]
[Result "1/2-1/2"]
[WhiteElo "2570"]
[BlackElo "2525"]
[PlyCount "99"]
[EventDate "1994.??.??"]

1. d4 d6 2. e4 Nf6 3. f3 c5 4. d5 g6 5. c4 Bg7 6. Ne2 O-O 7. Ng3 e6 8. Nc3 exd5
9. cxd5 h5 10. Bg5 Qb6 11. Qb3 Qa5 12. Be2 a6 13. O-O b5 14. Qc2 Nbd7 15. a4 c4
16. Be3 b4 17. Nd1 h4 18. Nh1 Ne5 19. Bxc4 h3 20. Be2 hxg2 21. Kxg2 Bd7 22.
Ndf2 Rac8 23. Qb3 Rc7 24. Rfc1 Rfc8 25. Rxc7 Rxc7 26. Ng3 Bb5 27. Bd2 Bxe2 28.
Nxe2 Nc4 29. Qxb4 Qxb4 30. Bxb4 Nd7 31. Bc3 Nxb2 32. Bxg7 Kxg7 33. Ra2 Nc4 34.
Nd3 Rb7 35. Nd4 Rb1 36. Nc2 Rb3 37. Nce1 f5 38. exf5 gxf5 39. Re2 Nde5 40. Nxe5
Nxe5 41. Nc2 Nxf3 42. Re3 Rb2 43. Kxf3 Rxc2 44. Re6 Rxh2 45. Rxd6 Rh4 46. a5
Rd4 47. Ke3 Re4+ 48. Kd3 Re5 49. Kd4 Re4+ 50. Kd3 1/2-1/2

[Event "BL 9394 Castrop Rauxel-Bochum"]
[Site "?"]
[Date "1994.??.??"]
[Round "?.2"]
[White "Appel, R."]
[Black "Glek, I."]
[Result "0-1"]
[WhiteElo "2430"]
[BlackElo "2590"]
[PlyCount "90"]
[EventDate "1994.??.??"]

1. d4 f5 2. Nf3 Nf6 3. g3 g6 4. Bg2 Bg7 5. O-O O-O 6. c4 d6 7. Nc3 Qe8 8. d5 a5
9. Be3 Na6 10. Bd4 c5 11. Bxf6 Bxf6 12. Qd2 Qf7 13. Ng5 Qg7 14. Nb5 Bxg5 15.
Qxg5 Bd7 16. Qd2 a4 17. f4 Bxb5 18. cxb5 Nc7 19. b6 Nb5 20. Kh1 a3 21. Rab1
axb2 22. Rxb2 Qc3 23. Rc1 Qxd2 24. Rxd2 Ra3 25. Rb2 Nd4 26. Re1 Re3 27. Kg1 Ra8
28. Kf2 Rea3 29. Ra1 R8a5 30. Bf1 Kg7 31. e3 Nb3 32. Rab1 Rxa2 33. Bc4 Rxb2+
34. Rxb2 Na1 35. Ra2 Rxa2+ 36. Bxa2 Nc2 37. Ke2 Kf6 38. Bc4 Nb4 39. Bb3 e6 40.
dxe6 d5 41. Kd2 Kxe6 42. Kc3 Kd6 43. Ba4 Nc6 44. h4 h5 45. Kb3 c4+ 0-1

[Event "BL 9394 Castrop Rauxel-Bochum"]
[Site "?"]
[Date "1994.??.??"]
[Round "?.3"]
[White "Schulz, KJ."]
[Black "Hoffmann, M."]
[Result "0-1"]
[WhiteElo "2420"]
[BlackElo "2470"]
[PlyCount "92"]
[EventDate "1994.??.??"]

1. e4 c5 2. Nf3 e6 3. c3 d5 4. exd5 exd5 5. d4 c4 6. b3 cxb3 7. axb3 Nc6 8. g3
Bd6 9. Bg2 Nge7 10. O-O Bg4 11. h3 Bh5 12. Na3 O-O 13. Nb5 Bb8 14. c4 f6 15.
Ba3 Bf7 16. Bxe7 Qxe7 17. c5 Qd7 18. Ne1 a6 19. Nc3 Bc7 20. Nc2 a5 21. Ne3 Nb4
22. Na2 Nc6 23. Nc3 Nb4 24. Qe2 Rfe8 25. Rfe1 Rad8 26. Qb5 Qc6 27. Rad1 g6 28.
Qa4 Qxa4 29. Nxa4 Re7 30. Nc3 b6 31. Na4 bxc5 32. Nxc5 Bb6 33. Na4 Ba7 34. Nc3
Kf8 35. Re2 Rc8 36. Nb5 Bb6 37. Red2 Rd7 38. g4 Be6 39. f4 Re7 40. f5 Bd7 41.
Nxd5 Nxd5 42. Nd6 Nc3 43. Nxc8 Bxc8 44. Rc1 Rc7 45. Kh1 gxf5 46. d5 Be3 0-1

[Event "BL 9394 Castrop Rauxel-Bochum"]
[Site "?"]
[Date "1994.??.??"]
[Round "?.4"]
[White "Sehner, N."]
[Black "Backwinkel, P."]
[Result "1/2-1/2"]
[WhiteElo "2415"]
[BlackElo "2410"]
[PlyCount "129"]
[EventDate "1994.??.??"]

1. c4 e6 2. g3 d5 3. Bg2 c6 4. Qc2 f5 5. d3 Nf6 6. Nf3 Bd6 7. O-O O-O 8. Nc3
dxc4 9. dxc4 Na6 10. e4 Bc7 11. e5 Ng4 12. Qe2 Qe8 13. h3 Nh6 14. Rb1 Nf7 15.
b4 Nb8 16. c5 Nd7 17. Bf4 h6 18. h4 Qe7 19. h5 a5 20. a3 Rd8 21. Rfe1 axb4 22.
axb4 Nf8 23. Nh4 Bd7 24. Ra1 Be8 25. Rxa8 Rxa8 26. Qc4 Kh7 27. Ng6 Nxg6 28.
hxg6+ Kxg6 29. g4 Kh7 30. gxf5 exf5 31. e6 Nh8 32. Bxc7 Qxc7 33. Qd3 Qf4 34. b5
Ng6 35. bxc6 bxc6 36. Qg3 Qxg3 37. fxg3 Ra5 38. Rd1 Rxc5 39. Na4 Re5 40. Rd6 f4
41. Kf2 fxg3+ 42. Kxg3 Ne7 43. Kf4 Ra5 44. Nb6 g5+ 45. Kf3 Kg7 46. Bf1 Bh5+ 47.
Kf2 Ra2+ 48. Ke1 Bf3 49. Bc4 Ra1+ 50. Kf2 Bd5 51. Bxd5 cxd5 52. Nxd5 Nxd5 53.
Rxd5 Kf6 54. Rd6 h5 55. Rb6 Ra5 56. Kg3 Re5 57. e7+ Kxe7 58. Rh6 g4 59. Kh4 Kf7
60. Ra6 Rf5 61. Rh6 Kg7 62. Ra6 Kf7 63. Rh6 Re5 64. Ra6 Re6 65. Ra5 1/2-1/2

[Event "BL 9394 Castrop Rauxel-Bochum"]
[Site "?"]
[Date "1994.??.??"]
[Round "?.5"]
[White "Jackelen, T."]
[Black "Libeau, R."]
[Result "0-1"]
[WhiteElo "2425"]
[BlackElo "2445"]
[PlyCount "152"]
[EventDate "1994.??.??"]

1. Nf3 f5 2. d3 d6 3. g3 Nf6 4. Bg2 g6 5. O-O Bg7 6. c4 O-O 7. Nc3 Nc6 8. Rb1
Nh5 9. Bd2 f4 10. Ng5 e6 11. Nge4 Ne5 12. Bxf4 Nxf4 13. gxf4 Rxf4 14. e3 Rf8
15. f4 Nf7 16. d4 c6 17. Qe2 d5 18. Nd2 g5 19. Qh5 gxf4 20. Rxf4 Qg5 21. Qxg5
Nxg5 22. Rxf8+ Kxf8 23. Rf1+ Ke7 24. cxd5 exd5 25. Nb3 Ne6 26. Ne2 Bh6 27. Rf3
Ng5 28. Rg3 Bf5 29. Nd2 Re8 30. h4 Nf7 31. Nf1 Nd6 32. Nc3 Kd8 33. Kf2 Bd3 34.
Bh3 Bxf1 35. Kxf1 Rxe3 36. Ne2 Rxg3 37. Nxg3 Be3 38. Nf5 Nxf5 39. Bxf5 Bxd4 40.
b3 h6 41. a4 Kc7 42. Ke2 Kd6 43. h5 Kc5 44. Bc8 b5 45. axb5 Kxb5 46. Bb7 a5 47.
Kd3 Bf2 48. Kc2 Be1 49. Kd1 Bb4 50. Kc2 Kb6 51. Bc8 Kc5 52. Bb7 Kd6 53. Bc8 Ke5
54. Kd3 c5 55. Bd7 Kd6 56. Be8 Be1 57. Bb5 Bg3 58. Ba4 Be5 59. Be8 Bh8 60. Ba4
Bf6 61. Be8 c4+ 62. bxc4 d4 63. c5+ Kxc5 64. Bd7 Bd8 65. Be8 Bb6 66. Bd7 Kb4
67. Be8 a4 68. Bf7 Kc5 69. Be8 a3 70. Bf7 Kd6 71. Bb3 Ke5 72. Ke2 Bd8 73. Kd3
Bg5 74. Bc4 Be3 75. Ke2 Ke4 76. Bd3+ Kd5 0-1

[Event "BL 9394 Castrop Rauxel-Bochum"]
[Site "?"]
[Date "1994.??.??"]
[Round "?.6"]
[White "Dinstuhl, V."]
[Black "Luecke, N."]
[Result "0-1"]
[WhiteElo "2365"]
[BlackElo "2410"]
[PlyCount "94"]
[EventDate "1994.??.??"]

1. d4 Nf6 2. c4 g6 3. Nc3 d5 4. Nf3 Bg7 5. Bg5 dxc4 6. e4 c5 7. d5 b5 8. e5 b4
9. exf6 exf6 10. Qe2+ Kf8 11. Be3 bxc3 12. Bxc5+ Kg8 13. bxc3 Nd7 14. Be7 Qe8
15. d6 Bb7 16. Qxc4 Bf8 17. Qb4 Rb8 18. Qa3 Bxe7 19. dxe7 Bxf3 20. gxf3 Ne5 21.
O-O-O Kg7 22. f4 Qc6 23. fxe5 Qxh1 24. exf6+ Kxf6 25. Qd6+ Kg7 26. Qd4+ f6 27.
Qxa7 Qb7 28. e8=N+ Kh6 29. Qxb7 Rxb7 30. Nd6 Rc7 31. Bc4 Ra8 32. Kb2 Kh5 33.
Bb3 f5 34. Nf7 Re8 35. Rd2 Re1 36. f3 Rce7 37. Bd1 Rxf7 38. Kc2 Ra7 39. Kb2 Kg5
40. a4 Rb7+ 41. Kc2 Re3 42. Rd4 Rc7 43. c4 Kf6 44. f4 Rh3 45. Kb2 Rb7+ 46. Kc1
Rxh2 47. c5 Rc7 0-1

[Event "BL 9394 Castrop Rauxel-Bochum"]
[Site "?"]
[Date "1994.??.??"]
[Round "?.7"]
[White "Sonntag, HH."]
[Black "Ambroz, J."]
[Result "1/2-1/2"]
[WhiteElo "2405"]
[BlackElo "2420"]
[PlyCount "39"]
[EventDate "1994.??.??"]

1. d4 e6 2. Nf3 Nf6 3. Bg5 c5 4. e3 Be7 5. Nbd2 b6 6. c3 Bb7 7. Bd3 O-O 8. O-O
d6 9. Qe2 cxd4 10. exd4 Nbd7 11. Rfe1 Re8 12. Ba6 Bxa6 13. Qxa6 Qc8 14. Qxc8
Rexc8 15. a4 a6 16. Nf1 h6 17. Bxf6 Nxf6 18. Ne3 d5 19. Ne5 Bf8 20. Kf1 1/2-1/2

[Event "BL 9394 Castrop Rauxel-Bochum"]
[Site "?"]
[Date "1994.??.??"]
[Round "?.8"]
[White "Hille, RI."]
[Black "Kassebaum, R."]
[Result "0-1"]
[WhiteElo "2275"]
[BlackElo "2355"]
[PlyCount "62"]
[EventDate "1994.??.??"]

1. d4 Nf6 2. g3 c5 3. Nf3 g6 4. Bg2 Bg7 5. O-O O-O 6. c4 cxd4 7. Nxd4 Nc6 8.
Nc3 Ng4 9. e3 Nxd4 10. exd4 Nh6 11. Qd3 Nf5 12. Ne2 d6 13. Rd1 Rb8 14. a4 b6
15. b4 e6 16. Ba3 Bb7 17. b5 Bxg2 18. Kxg2 Qg5 19. f4 Qe7 20. Bb4 Rfc8 21. a5
Rxc4 22. Bc3 Qb7+ 23. Kh3 Rbc8 24. Ra3 Qd5 25. axb6 axb6 26. Rb3 h5 27. Rb4 Nh6
28. Rxc4 Rxc4 29. Be1 Ng4 30. Ra1 Qh1 31. Ra8+ Kh7 0-1

[Event "BL 9394 München 36-Bayern"]
[Site "?"]
[Date "1994.??.??"]
[Round "?.2"]
[White "Stohl, I."]
[Black "Yusupov, A."]
[Result "1/2-1/2"]
[WhiteElo "2560"]
[BlackElo "2665"]
[PlyCount "41"]
[EventDate "1994.??.??"]

1. Nf3 f5 2. c4 Nf6 3. g3 g6 4. Bg2 Bg7 5. O-O d6 6. d4 O-O 7. Nc3 c6 8. d5 e5
9. dxe6 Bxe6 10. Qd3 Na6 11. Ng5 Re8 12. Bf4 Nh5 13. Nxe6 Rxe6 14. Bd2 Nc5 15.
Qc2 Nf6 16. Rad1 Qe7 17. e3 Nfe4 18. b4 Nxd2 19. Qxd2 Ne4 20. Nxe4 fxe4 21. b5
1/2-1/2

[Event "BL 9394 München 36-Bayern"]
[Site "?"]
[Date "1994.??.??"]
[Round "?.4"]
[White "Ruf, M."]
[Black "Kindermann, S."]
[Result "0-1"]
[WhiteElo "2395"]
[BlackElo "2535"]
[PlyCount "130"]
[EventDate "1994.??.??"]

1. d4 f5 2. g3 Nf6 3. Bg2 g6 4. c3 Bg7 5. Nh3 Nc6 6. Nd2 d6 7. Nf3 e6 8. Qb3
Qe7 9. O-O O-O 10. Ne1 Kh8 11. Nd3 e5 12. dxe5 Nxe5 13. Nhf4 c6 14. h4 Ne4 15.
Rd1 Ng4 16. Bd2 Nxd2 17. Rxd2 d5 18. Qb4 Re8 19. Qxe7 Rxe7 20. Rc1 Bd7 21. Bf3
Be8 22. Rcd1 Nf6 23. Rc2 Bf7 24. Nc1 h6 25. Nb3 Rae8 26. Nd3 Ne4 27. Bg2 g5 28.
hxg5 hxg5 29. Nd4 Bg6 30. e3 Bf6 31. Bh3 Nd6 32. Rcc1 Rh7 33. Bg2 Nc4 34. Nf3
Ree7 35. Rc2 f4 36. exf4 gxf4 37. gxf4 Rhg7 38. Kf1 Be4 39. Ng5 Bxg5 40. fxg5
Rxg5 41. Bxe4 dxe4 42. Nf4 e3 43. Rd8+ Kh7 44. Re2 Rf5 45. Rd4 b5 46. b3 c5 47.
Rd3 Rxf4 48. bxc4 Rxc4 49. Rexe3 Rxe3 50. fxe3 Kg6 51. Ke2 Ra4 52. Rd6+ Kf5 53.
Kf3 Ke5 54. Rd2 Ra3 55. Rc2 Kd5 56. Kf4 Kc4 57. e4 Kd3 58. Rh2 Ra6 59. Rh3+ Kc4
60. Kf5 Rxa2 61. e5 Rf2+ 62. Ke6 b4 63. Rh4+ Kxc3 64. Kd5 b3 65. Kxc5 b2 0-1

[Event "BL 9394 München 36-Bayern"]
[Site "?"]
[Date "1994.??.??"]
[Round "?.5"]
[White "Schlosser, P."]
[Black "Pezerovic, E."]
[Result "1-0"]
[WhiteElo "2540"]
[BlackElo "2395"]
[PlyCount "51"]
[EventDate "1994.??.??"]

1. Nf3 Nf6 2. c4 c5 3. Nc3 Nc6 4. g3 g6 5. Bg2 Bg7 6. d4 cxd4 7. Nxd4 O-O 8.
O-O a6 9. c5 Qc7 10. Nb3 b6 11. Bf4 Qa7 12. cxb6 Qxb6 13. Rc1 a5 14. Qd2 a4 15.
Be3 Qb8 16. Nc5 a3 17. bxa3 Rxa3 18. N5a4 Ng4 19. Bc5 Bxc3 20. Nxc3 Ra6 21. Nd5
Qe5 22. Bb4 Nf6 23. Rxc6 dxc6 24. Nxe7+ Kh8 25. Nxc6 Ne4 26. Qh6 1-0

[Event "BL 9394 München 36-Bayern"]
[Site "?"]
[Date "1994.??.??"]
[Round "?.6"]
[White "Geisler, F."]
[Black "Boensch, U."]
[Result "0-1"]
[WhiteElo "2265"]
[BlackElo "2535"]
[PlyCount "108"]
[EventDate "1994.??.??"]

1. e4 c5 2. Nf3 d6 3. d4 cxd4 4. Nxd4 Nf6 5. Nc3 e6 6. Be2 Be7 7. O-O O-O 8. f4
Nc6 9. Be3 Bd7 10. Nb3 a6 11. a4 Na5 12. e5 Ne8 13. Nxa5 Qxa5 14. Ne4 Qc7 15.
a5 Bc6 16. Bb6 Qb8 17. Qd4 f5 18. exd6 Nxd6 19. Nxd6 Qxd6 20. Qxd6 Bxd6 21.
Rad1 Be7 22. Bc4 Rf6 23. Rfe1 Kf7 24. g4 fxg4 25. f5 Kf8 26. Bxe6 g6 27. Bd4
Rxf5 28. Bxf5 gxf5 29. Re5 Be4 30. Bc5 Bxc5+ 31. Rxc5 Ke7 32. Kf2 Kf6 33. Rd7
h5 34. Kg3 h4+ 35. Kf4 Re8 36. Rcc7 Ke6 37. Rh7 Kd6 38. Rhd7+ Ke6 39. Rh7 Kd6
40. Rhd7+ Ke6 41. c4 Bc6 42. Rd2 g3 43. hxg3 hxg3 44. Kxg3 Rg8+ 45. Kf2 Ke5 46.
Re7+ Kf4 47. Rd4+ Be4 48. Rxb7 Ke5 49. Rxe4+ fxe4 50. Rb6 Kd4 51. Rxa6 e3+ 52.
Kf1 Kxc4 53. Rb6 Kd3 54. Rb3+ Kd2 0-1

[Event "BL 9394 München 36-Bayern"]
[Site "?"]
[Date "1994.??.??"]
[Round "?.7"]
[White "Stangl, M."]
[Black "Sandor, C."]
[Result "1/2-1/2"]
[WhiteElo "2540"]
[BlackElo "2340"]
[PlyCount "69"]
[EventDate "1994.??.??"]

1. Nf3 c5 2. c4 g6 3. e4 Nc6 4. d4 cxd4 5. Nxd4 Nf6 6. Nc3 d6 7. Be2 Nxd4 8.
Qxd4 Bg7 9. Bg5 Qa5 10. Qd2 O-O 11. O-O Be6 12. Rac1 a6 13. Rfd1 Rfc8 14. Bxf6
Bxf6 15. Nd5 Qxd2 16. Nxf6+ exf6 17. Rxd2 b5 18. Rdc2 f5 19. f3 fxe4 20. fxe4
Kf8 21. cxb5 Rxc2 22. Rxc2 axb5 23. a3 b4 24. axb4 Ra4 25. Kf2 Rxb4 26. Ke3 Ke7
27. Rd2 Ba2 28. Bd3 Bb3 29. Be2 Ke6 30. Rd4 Rb6 31. Kf4 Ke7 32. h4 h6 33. Bd3
Ke6 34. Be2 g5+ 35. hxg5 1/2-1/2

[Event "BL 9394 München 36-Bayern"]
[Site "?"]
[Date "1994.??.??"]
[Round "?.8"]
[White "Lentrodt, T."]
[Black "Bischoff, K."]
[Result "0-1"]
[WhiteElo "2295"]
[BlackElo "2500"]
[PlyCount "78"]
[EventDate "1994.??.??"]

1. Nf3 c5 2. c4 Nf6 3. g3 b6 4. Bg2 Bb7 5. Nc3 e6 6. O-O Be7 7. d4 cxd4 8. Nb5
O-O 9. Nbxd4 a6 10. b3 Qc7 11. Bb2 d6 12. Rc1 Nbd7 13. Bh3 h6 14. Nd2 Rfe8 15.
Qc2 Bf8 16. Rfd1 Rac8 17. Qb1 Ba8 18. e4 Qb8 19. Bg2 Bb7 20. Re1 Qa8 21. f3 Qb8
22. Nf1 Ba8 23. Ne3 g6 24. Qa1 Bg7 25. Ndc2 h5 26. Nb4 Bb7 27. Rcd1 Red8 28.
Nd3 b5 29. cxb5 axb5 30. Nb4 Ba8 31. Bf1 Ne5 32. Bxe5 dxe5 33. Rxd8+ Rxd8 34.
Kg2 Qb6 35. Nec2 Rd2+ 36. Re2 Nxe4 37. Rxd2 Nxd2 38. Be2 Nxf3 39. Bxf3 Bxf3+
0-1

[Event "BL 9394 Dortmund-Solingen"]
[Site "?"]
[Date "1994.??.??"]
[Round "?.1"]
[White "Podzielny, KH."]
[Black "Beckhuis, G."]
[Result "1-0"]
[WhiteElo "2470"]
[BlackElo "2195"]
[PlyCount "53"]
[EventDate "1994.??.??"]

1. c4 g6 2. Nc3 Bg7 3. g3 Nc6 4. Bg2 f5 5. h4 Nf6 6. d4 d6 7. d5 Ne5 8. Nh3 O-O
9. b3 c6 10. Nf4 Bd7 11. Bb2 a6 12. h5 Nxh5 13. Nxh5 gxh5 14. e3 Qe8 15. Kf1 b5
16. cxb5 axb5 17. Ne2 Bf6 18. Nf4 h4 19. gxh4 Ng6 20. Bxf6 Nxf4 21. Bb2 Nxg2
22. Rg1 e5 23. dxe6 Qxe6 24. Qh5 Rf7 25. Rxg2+ Kf8 26. Qg5 Be8 27. Bg7+ 1-0

[Event "BL 9394 Dortmund-Solingen"]
[Site "?"]
[Date "1994.??.??"]
[Round "?.2"]
[White "Mainka, G."]
[Black "Zysk, R."]
[Result "1-0"]
[WhiteElo "2385"]
[BlackElo "2440"]
[PlyCount "107"]
[EventDate "1994.??.??"]

1. d4 f5 2. c4 Nf6 3. Nc3 e6 4. g3 Bb4 5. Bg2 O-O 6. Nf3 Bxc3+ 7. bxc3 Nc6 8.
Bg5 d6 9. d5 Na5 10. dxe6 Bxe6 11. Nd4 Bxc4 12. Qa4 b6 13. Bxa8 Qxa8 14. f3 Qd5
15. Qc2 Nd7 16. O-O h6 17. Bf4 c5 18. Nb3 Nxb3 19. axb3 Bxb3 20. Qd3 Qxd3 21.
exd3 a5 22. Bxd6 Rf6 23. Be7 Re6 24. Bd8 Re8 25. Bc7 Rc8 26. Bf4 g5 27. Be3 Re8
28. Kf2 Ne5 29. d4 Nd3+ 30. Ke2 c4 31. f4 gxf4 32. gxf4 Kf7 33. Kd2 Rg8 34. Rg1
Rxg1 35. Rxg1 a4 36. d5 b5 37. Bd4 Ke7 38. Be5 a3 39. Rg7+ Ke8 40. Ra7 a2 41.
Ra8+ Kd7 42. Ra7+ Kc8 43. Bd4 Nxf4 44. d6 Nd5 45. Kc1 a1=Q+ 46. Rxa1 Kd7 47.
Kd2 b4 48. cxb4 Nxb4 49. Bc5 Na2 50. Re1 c3+ 51. Kd3 c2 52. Re7+ Kc6 53. Rc7+
Kd5 54. d7 1-0

[Event "BL 9394 Dortmund-Solingen"]
[Site "?"]
[Date "1994.??.??"]
[Round "?.3"]
[White "Reeh, O."]
[Black "Kalka, A."]
[Result "1-0"]
[WhiteElo "2430"]
[BlackElo "2345"]
[PlyCount "49"]
[EventDate "1994.??.??"]

1. d4 e6 2. Nf3 Nf6 3. c4 b6 4. Nc3 Bb4 5. Bg5 Bb7 6. e3 h6 7. Bh4 g5 8. Bg3
Ne4 9. Qc2 f5 10. Bd3 Bxc3+ 11. bxc3 d6 12. d5 Nc5 13. h4 g4 14. Nd4 Qf6 15.
O-O Nbd7 16. dxe6 Nf8 17. Bxf5 Rg8 18. e4 Ng6 19. Rfe1 Nxh4 20. e5 dxe5 21.
Bxh4 Qxh4 22. Bg6+ Kd8 23. Nf5 Qf6 24. Bf7 e4 25. e7+ 1-0

[Event "BL 9394 Dortmund-Solingen"]
[Site "?"]
[Date "1994.??.??"]
[Round "?.4"]
[White "Lingnau, C."]
[Black "Schaefer, Ma"]
[Result "1/2-1/2"]
[WhiteElo "2395"]
[BlackElo "2460"]
[PlyCount "87"]
[EventDate "1994.??.??"]

1. d4 Nf6 2. c4 g6 3. g3 c6 4. Nf3 Bg7 5. Bg2 O-O 6. O-O d5 7. Qb3 Qb6 8. Nc3
Rd8 9. h3 Qxb3 10. axb3 Na6 11. Be3 Ne4 12. Rfc1 Nxc3 13. bxc3 Nc7 14. g4 Ne8
15. cxd5 cxd5 16. Ne5 Nc7 17. Bf4 Ne6 18. Bg3 Ng5 19. f3 f6 20. Nd3 Nf7 21. e3
e5 22. f4 e4 23. Nb4 Be6 24. c4 dxc4 25. bxc4 f5 26. gxf5 gxf5 27. c5 a5 28.
Nc2 a4 29. Bf1 Bb3 30. Na3 Rac8 31. Kh2 Rc6 32. Bb5 Rg6 33. Nc4 Bxd4 34. exd4
Rxd4 35. Bf2 Rd3 36. Bxa4 Rf3 37. Be1 Bxc4 38. Rxc4 Rxf4 39. Bb3 Kf8 40. Ra8+
Ke7 41. Ra7 Ne5 42. Rxb7+ Kf8 43. Rb8+ Ke7 44. Rb7+ 1/2-1/2

[Event "BL 9394 Dortmund-Solingen"]
[Site "?"]
[Date "1994.??.??"]
[Round "?.6"]
[White "Seger, R."]
[Black "Thesing, M."]
[Result "0-1"]
[WhiteElo "2350"]
[BlackElo "2375"]
[PlyCount "98"]
[EventDate "1994.??.??"]

1. e4 e6 2. d4 d5 3. Nd2 c5 4. Ngf3 cxd4 5. exd5 Qxd5 6. Bc4 Qd6 7. O-O Nf6 8.
Nb3 Nc6 9. Nbxd4 Nxd4 10. Qxd4 a6 11. a4 Qxd4 12. Nxd4 Bd7 13. Be2 e5 14. Nf3
Bd6 15. Rd1 Bc7 16. h3 O-O-O 17. Be3 Bc6 18. Ng5 Rxd1+ 19. Rxd1 Nd5 20. Nxf7
Rf8 21. Bc4 Nxe3 22. fxe3 Bxa4 23. b3 Bc6 24. Nd6+ Kb8 25. Be2 Rf6 26. Nc4 b5
27. Nd2 Bb6 28. Nf1 Kc7 29. c4 b4 30. Ra1 Bb7 31. Ra2 Bc5 32. Rd2 a5 33. Bd1
Be4 34. Ra2 Rd6 35. Be2 Kb6 36. Kf2 Rf6+ 37. Kg1 Bc6 38. Rd2 Rd6 39. Rxd6 Bxd6
40. Bd1 Be4 41. Nd2 Bd3 42. Bg4 a4 43. bxa4 Bc2 44. c5+ Kxc5 45. Be6 Bxa4 46.
Kf2 Bc6 47. Nb3+ Kb5 48. g4 Be7 49. Nd2 Ka4 0-1

[Event "BL 9394 Dortmund-Solingen"]
[Site "?"]
[Date "1994.??.??"]
[Round "?.7"]
[White "Beckemeyer, W."]
[Black "Straeter, T."]
[Result "1-0"]
[WhiteElo "2390"]
[BlackElo "2365"]
[PlyCount "78"]
[EventDate "1994.??.??"]

1. e4 e5 2. Nf3 Nc6 3. Bc4 Bc5 4. d3 d6 5. c3 Bb6 6. O-O Nf6 7. Bb3 Ne7 8. Nbd2
c6 9. d4 Ng6 10. Nc4 Nxe4 11. dxe5 dxe5 12. Qe2 f5 13. Nfxe5 Bc7 14. f3 Nxe5
15. Nxe5 Bxe5 16. fxe4 Qh4 17. g3 Qg4 18. Qxg4 fxg4 19. Bg5 h6 20. Bf4 Bf6 21.
Bd6 Bd7 22. e5 Bg5 23. e6 Bc8 24. e7 Bf6 25. Rad1 Bd7 26. Rfe1 h5 27. Bc2 Kf7
28. Bc7 Be6 29. Bd8 Bxe7 30. Bxe7 Kxe7 31. Bb3 Rh6 32. Re3 Rf8 33. Re5 Rff6 34.
Rde1 Kf7 35. Bc2 Bd5 36. Re7+ Kg8 37. Rxb7 Rf8 38. Ree7 Bf7 39. Bb3 Rf6 {Zeit}
1-0

[Event "BL 9394 Dortmund-Solingen"]
[Site "?"]
[Date "1994.??.??"]
[Round "?.8"]
[White "Konikowski, J."]
[Black "Schmidt, B."]
[Result "1/2-1/2"]
[WhiteElo "2345"]
[BlackElo "2340"]
[PlyCount "115"]
[EventDate "1994.??.??"]

1. d4 d5 2. Nf3 Nf6 3. c4 c6 4. Nc3 e6 5. cxd5 cxd5 6. Bf4 Nc6 7. e3 Be7 8. Bd3
O-O 9. h3 Bd7 10. Rc1 Qb6 11. Qe2 Rfc8 12. O-O Be8 13. g4 Qd8 14. Kg2 a6 15.
Ne5 Nd7 16. Nxc6 Rxc6 17. Qc2 h6 18. Qb1 Nb6 19. Ne2 Nc4 20. Rfd1 Rac8 21. b3
Na3 22. Qb2 Rxc1 23. Rxc1 Bb5 24. Rxc8 Qxc8 25. Bxb5 Nxb5 26. f3 Qc6 27. Bg3
Bb4 28. Kf1 g6 29. Be1 Bxe1 30. Kxe1 Qc7 31. Qc1 Qa5+ 32. Qd2 Qd8 33. Kf1 Qd6
34. Kg2 Qa3 35. Nc1 Na7 36. Nd3 Nc6 37. Kf2 Kg7 38. Kg2 a5 39. Qc2 Nb4 40. Nxb4
Qxb4 41. Kf2 b5 42. f4 a4 43. h4 axb3 44. axb3 Qa5 45. g5 h5 46. Qb2 b4 47. Ke1
Qa6 48. Qb1 Qc6 49. Qb2 Kf8 50. Kd2 Kg7 51. Qa2 Qc7 52. Qb2 Qa5 53. Qb1 Qa3 54.
Ke1 Kf8 55. Kd2 Ke7 56. Kd1 Kd7 57. Kd2 Qa6 58. Ke1 1/2-1/2

[Event "BL 9394 Empor Berlin-Dortmund"]
[Site "?"]
[Date "1994.??.??"]
[Round "?.2"]
[White "Kovalev, A."]
[Black "Mainka, G."]
[Result "1-0"]
[WhiteElo "2530"]
[BlackElo "2385"]
[PlyCount "69"]
[EventDate "1994.??.??"]

1. e4 e5 2. Nf3 Nc6 3. Bb5 Nf6 4. d3 d6 5. c3 g6 6. O-O Bg7 7. Re1 O-O 8. h3 h6
9. d4 Bd7 10. a4 Nh5 11. Na3 a6 12. Bf1 exd4 13. cxd4 Nf6 14. d5 Ne7 15. Nb1 c6
16. Nc3 cxd5 17. exd5 Re8 18. Bf4 Qa5 19. Bc4 Rac8 20. Ba2 Qb4 21. Qd2 g5 22.
Bh2 g4 23. hxg4 Nxg4 24. Ne4 Qxd2 25. Nfxd2 Nf5 26. Nc4 Bd4 27. Rad1 Bxa4 28.
Rxd4 Nxd4 29. Ncxd6 Rc2 30. Nxe8 Ne2+ 31. Kh1 Bxe8 32. Bb3 Rxb2 33. Bd1 Bb5 34.
d6 f5 35. Bxe2 1-0